Qualitative resistance of Hevea to Phyllachora huberi P.Henn (Record no. 66149)
[ view plain ]
| 000 -LEADER | |
|---|---|
| fixed length control field | 01386nam a2200217Ia 4500 |
| 100 ## - MAIN ENTRY--AUTHOR NAME | |
| Personal name | Guen Vincent Le |
| 245 #0 - TITLE STATEMENT | |
| Title | Qualitative resistance of Hevea to Phyllachora huberi P.Henn |
| 260 ## - PUBLICATION, DISTRIBUTION, ETC. (IMPRINT) | |
| Name of publisher | Euphytica |
| Year of publication | 2000 |
| 300 ## - PHYSICAL DESCRIPTION | |
| Number of Pages | 211-217 |
| 520 ## - SUMMARY, ETC. | |
| Summary, etc | Qualitative observations of Hevea spp. resistance to Phyllachora huberi were carried out on 200 clones in a collection and 21 full-sib progenies under natural conditions of infestation. A total of 42 clones, mostly originating from the natural range of the Hevea genus, and at least two species (H.brasiliensis and H.benthamiana) revealed total resistance to the parasite. For nine of the thirteen resistant x susceptible and resistant x resistant progenies studied, the ratio of susceptible: resistant plants suggested the existence of a total resistance mechanism produced by a dominant allele at a single locus for the P.huberi race(s) present at the study site. For three of the progenies involving the same resistant parent, it was possible to locate the gene (called Phr) at 14.7cm from the adhi isozyme locus. |
| 650 ## - SUBJECT ADDED ENTRY--TOPICAL TERM | |
| Topical Term | Hevea |
| 650 ## - SUBJECT ADDED ENTRY--TOPICAL TERM | |
| Topical Term | Isozyme marker |
| 650 ## - SUBJECT ADDED ENTRY--TOPICAL TERM | |
| Topical Term | Monogenic resistance |
| 650 ## - SUBJECT ADDED ENTRY--TOPICAL TERM | |
| Topical Term | Phyllachora huberi |
| 650 ## - SUBJECT ADDED ENTRY--TOPICAL TERM | |
| Topical Term | Physiological race |
| 650 ## - SUBJECT ADDED ENTRY--TOPICAL TERM | |
| Topical Term | Qualitative resistance |
| 700 ## - ADDED ENTRY--PERSONAL NAME | |
| Personal name | Mattos Carlos R R |
| 700 ## - ADDED ENTRY--PERSONAL NAME | |
| Personal name | Seguin Marc |
| 942 ## - ADDED ENTRY ELEMENTS (KOHA) | |
| Koha item type | Journals |
| Withdrawn status | Lost status | Damaged status | Not for loan | Home library | Current library | Shelving location | Date acquired | Serial Enumeration / chronology | Koha item type |
|---|---|---|---|---|---|---|---|---|---|
| Journals | RRII Library | RRII Library | Biotechnology | 17/12/2021 | Volume 112, Issue 2 | Journals |